000 00631nam a2200217 u 4500
005 20240228064146.0
008 140905s2005 r 000 0 eng d
020 _a8478643419
035 _aUPN01000199374
049 _aI
050 4 _aQK475.8
_bM6.2
100 1 _aMontardre, Hélène,
_d1954-
_936131
245 1 3 _aEl árbol /
_cHélène Montardre.
260 _aBarcelona, Esp. :
_bCombel,
_c2005.
300 _a23 p. :
_bprincipalmente il. col.
440 0 _a¿Quién eres?
650 4 _aARBOLES -
_vLITERATURA INFANTIL
_911051
650 4 _aLibros y lectura para niños
_92290
905 _aInfantil
999 _c171475
_d171475